[Event "67th ch-RUS HL w 2017"]
[Site "Sochi RUS"]
[Date "2017.07.02"]
[Round "1.21"]
[White "Faizutdinova, Diana"]
[Black "Diakonova, Ekaterina"]
[Result "1/2-1/2"]
[WhiteElo "2041"]
[BlackElo "2292"]
[WhiteFideId "24143731"]
[BlackFideId "24172936"]
[EventDate "2017.07.02"]

1. c4 c5 2. Nc3 Nc6 3. g3 g6 4. Bg2 Bg7 5. d3 Nh6 6. h4 d6 7. Bf4 Nf5 8. h5 Nfd4
9. Nf3 Bg4 10. hxg6 hxg6 11. Rxh8+ Bxh8 12. Nxd4 Bxd4 13. Qd2 Qd7 14. Be3 O-O-O
15. O-O-O Rh8 16. Rh1 Qe8 17. Rxh8 Qxh8 18. Bxc6 bxc6 19. Bxd4 cxd4 20. Nd1 Qe5
21. f3 Be6 22. f4 Qh5 23. e3 dxe3 24. Qxe3 Qa5 25. Nc3 Qb6 26. Qxb6 axb6 27. Kd2
f6 28. Ke3 Kc7 29. Ne2 b5 30. Nd4 Bd7 31. a3 e5 32. Nf3 Be6 33. fxe5 dxe5 34. c5
Bd5 35. g4 Bxf3 36. Kxf3 f5 37. b3 Kd7 38. a4 bxa4 39. bxa4 Ke6 40. a5 Kd7 41.
gxf5 gxf5 42. Ke3 Kc7 43. d4 exd4+ 44. Kxd4 Kb7 45. Ke5 Ka6 46. Kxf5 Kxa5 47.
Ke5 Kb4 48. Kd4 Kb3 49. Kd3 Kb4 50. Kd4 Kb5 51. Kd3 Kxc5 52. Kc3 Kb5 53. Kb3 c5 1/2-1/2

[Event "67th ch-RUS HL w 2017"]
[Site "Sochi RUS"]
[Date "2017.07.02"]
[Round "1.22"]
[White "Travkina, Anastasia"]
[Black "Ustich, Ekaterina"]
[Result "1/2-1/2"]
[WhiteTitle "WFM"]
[WhiteElo "2260"]
[BlackElo "2022"]
[WhiteFideId "24129151"]
[BlackFideId "24179221"]
[EventDate "2017.07.02"]

1. e4 c6 2. d4 d5 3. Nc3 dxe4 4. Nxe4 Bf5 5. Ng3 Bg6 6. Nh3 Nf6 7. Bc4 e5 8.
dxe5 Qa5+ 9. c3 Qxe5+ 10. Be2 Nbd7 11. O-O O-O-O 12. Bf4 Qa5 13. b4 Qa3 14. Qb3
Qxb3 15. axb3 Nd5 16. Rxa7 Nxf4 17. Nxf4 Bc2 18. Bc4 Bd6 19. Nfe2 Ne5 20. Rc1
Bg6 21. Nf4 Nf3+ 22. gxf3 Bxf4 23. Re1 Kb8 24. Ra2 Bd2 25. Re7 Bxc3 26. b5 cxb5
27. Bxb5 h5 28. Re3 Bd4 29. Ree2 Rd5 30. Bc4 Rg5 31. Kf1 Rd8 32. h4 Re5 33. Rxe5
Bxe5 34. Ra5 Bc3 35. Rb5 Bf6 36. f4 Bxh4 37. f5 Bh7 38. Nxh5 g6 39. Nf4 Rd2 40.
Ne2 gxf5 41. Bd5 f4 42. Bf3 Bc2 43. Rxb7+ Kc8 44. Rb4 Be7 45. Rc4+ Kb8 46. b4
Bd3 47. Rxf4 f5 48. b5 Bd6 49. Rh4 Bxb5 50. Rh7 Bxe2+ 51. Bxe2 Bc7 52. Rh8+ Rd8
53. Rh5 Rf8 54. Bd3 f4 55. Rb5+ Ka7 56. Be4 Bb6 57. Rb4 Bc5 58. Rb3 Re8 59. Bf3
Rb8 60. Rc3 Rb1+ 61. Kg2 Kb6 62. Rc2 Rb4 63. Kh3 Rb1 64. Kg2 Rb4 1/2-1/2

[Event "67th ch-RUS HL w 2017"]
[Site "Sochi RUS"]
[Date "2017.07.02"]
[Round "1.23"]
[White "Samdanova, Surena"]
[Black "Maltsevskaya, Aleksandra"]
[Result "1/2-1/2"]
[WhiteElo "1996"]
[BlackElo "2254"]
[WhiteFideId "24136646"]
[BlackFideId "24174041"]
[EventDate "2017.07.02"]

1. e4 c5 2. Nf3 e6 3. c3 d5 4. e5 d4 5. b4 Ne7 6. bxc5 Nbc6 7. Bb5 Bd7 8. cxd4
Nxe5 9. Bxd7+ Nxd7 10. Qa4 g6 11. Nc3 Bg7 12. Rb1 Rb8 13. Qxa7 Nc6 14. Qa4 O-O
15. O-O Nxd4 16. Nxd4 Nxc5 17. Qc4 Qxd4 18. Qxd4 Bxd4 19. Nb5 Rfd8 20. Ba3 Ra8
21. Bb4 Nd3 22. Nxd4 Rxd4 23. Bc3 Rd7 24. Ra1 Nf4 25. g3 Ne2+ 26. Kg2 Nxc3 27.
dxc3 Ra3 28. c4 Rc7 29. Rfc1 Ra4 30. c5 Ra5 31. a4 Rcxc5 32. Rcb1 Rc7 33. h4 Kg7
34. Rb6 Rc2 35. Rxb7 Rf5 36. Rf1 Ra2 37. Rb5 Rxb5 38. axb5 Rb2 39. Ra1 Rxb5 40.
Ra7 h5 41. Rc7 Rb2 42. Ra7 Kf6 43. Rc7 Ra2 44. Rb7 e5 45. Rc7 Ke6 46. Rb7 Rd2
47. Rb6+ Kf5 48. Rb7 f6 49. Rg7 Re2 50. Kf3 Rb2 51. Kg2 e4 52. Kf1 Ra2 53. Rg8
Rc2 54. Rg7 Rb2 55. Rg8 Ra2 56. Rg7 g5 57. hxg5 Kg4 58. Rf7 Kxg5 59. Rg7+ Kf5
60. Rg8 h4 61. gxh4 Kf4 62. Rg3 Ra5 63. Rg6 f5 64. h5 Ra7 65. h6 Rh7 66. Ke2 Rh8
67. Kf1 Rh7 68. Ke2 Rb7 69. Rg7 Rb6 70. h7 Rh6 71. Kf1 Ke5 72. Ra7 Rh5 73. Ke2
Rh1 74. Ke3 Rh3+ 75. Ke2 Rh1 76. Ke3 Rh3+ 1/2-1/2

[Event "67th ch-RUS HL w 2017"]
[Site "Sochi RUS"]
[Date "2017.07.03"]
[Round "2.1"]
[White "Girya, Olga"]
[Black "Charochkina, Daria"]
[Result "0-1"]
[WhiteTitle "WGM"]
[BlackTitle "IM"]
[WhiteElo "2502"]
[BlackElo "2350"]
[WhiteFideId "4195752"]
[BlackFideId "4180917"]
[EventDate "2017.07.02"]

1. d4 d5 2. c4 c6 3. Nf3 Nf6 4. e3 Bg4 5. cxd5 cxd5 6. Nc3 Nc6 7. Qb3 a6 8. Ne5
Bc8 9. Bd3 e6 10. f4 Be7 11. O-O O-O 12. Bd2 Bd7 13. Rac1 Na5 14. Qd1 Be8 15.
Qe1 Nc6 16. Qe2 Rc8 17. a3 g6 18. Rc2 Nd7 19. Nxc6 Rxc6 20. e4 dxe4 21. Bxe4 Rc7
22. f5 exf5 23. Nd5 Rxc2 24. Bxc2 Bd6 25. Qf2 Nb8 26. Bh6 Bb5 27. Re1 Re8 28.
Rxe8+ Bxe8 29. Qe3 Bc6 30. Bb3 Bxd5 31. Bxd5 Nc6 32. Bxc6 bxc6 33. b4 Qe7 34.
Qxe7 Bxe7 35. Be3 Kg7 36. Kf2 Kf6 37. Ke2 Ke6 38. Kd3 Kd5 39. h3 h5 40. Bf2 f4
41. Be1 g5 0-1

[Event "67th ch-RUS HL w 2017"]
[Site "Sochi RUS"]
[Date "2017.07.03"]
[Round "2.2"]
[White "Vasilevich, Tatjana"]
[Black "Galliamova, Alisa"]
[Result "1-0"]
[WhiteTitle "IM"]
[BlackTitle "IM"]
[WhiteElo "2365"]
[BlackElo "2459"]
[WhiteFideId "14101610"]
[BlackFideId "4129725"]
[EventDate "2017.07.02"]

1. d4 d5 2. Nf3 Nf6 3. e3 c5 4. Bd3 Nc6 5. b3 Bg4 6. Bb2 cxd4 7. exd4 Qa5+ 8.
Bc3 Qc7 9. h3 Bh5 10. O-O e6 11. Re1 Bd6 12. a3 O-O 13. Nbd2 a5 14. Bb2 a4 15.
b4 Bf4 16. Nf1 Ne7 17. g3 Bd6 18. Rc1 Nc8 19. c4 dxc4 20. Bxc4 Qd8 21. d5 exd5
22. Bxd5 Rb8 23. Kg2 b5 24. Ne3 Be7 25. g4 Bg6 26. Ne5 Na7 27. f4 Nxd5 28. Nxd5
Bh4 29. Re2 Re8 30. Rc5 f6 31. Nf3 Be4 32. Rxe4 Rxe4 33. Nxh4 Qe8 34. Nc3 Re1
35. Qd3 Kh8 36. Rd5 Qc6 37. Nf3 Ree8 38. Kg3 Rb7 39. g5 Rbe7 40. Nd1 fxg5 41.
Nxg5 Qg6 42. Qxg6 hxg6 43. Be5 Kg8 44. Nc3 Nc6 45. Rxb5 Nxe5 46. fxe5 Rxe5 47.
Rxe5 Rxe5 48. Nge4 Kf7 49. Kf4 Rf5+ 50. Kg4 Rf1 51. Nc5 Rg1+ 52. Kf3 Ra1 53. Nb5
Kf6 54. Nxa4 Ke5 55. Nac3 Rf1+ 56. Kg2 Rc1 57. a4 Ra1 58. a5 g5 59. Nc7 Ra3 60.
N7d5 Ra1 61. Ne3 Re1 62. Ned1 Kd4 63. a6 Re6 64. b5 Kc5 65. Kf3 Rh6 66. Nf2 Kb6
67. Kg4 Ka7 68. Kxg5 Rf6 69. Nfe4 Rf1 70. h4 Rg1+ 71. Kf5 Rh1 72. Kg4 Rg1+ 73.
Ng3 Kb6 74. Nd5+ Ka7 75. Kf3 Rc1 76. Ne4 Rd1 77. Ne7 Rf1+ 78. Kg3 Kb6 79. Nd6
Kc7 80. Nec8 Rg1+ 81. Kf2 Ra1 1-0

[Event "67th ch-RUS HL w 2017"]
[Site "Sochi RUS"]
[Date "2017.07.03"]
[Round "2.3"]
[White "Kashlinskaya, Alina"]
[Black "Dordzhieva, Dinara"]
[Result "1-0"]
[WhiteTitle "IM"]
[BlackTitle "WIM"]
[WhiteElo "2438"]
[BlackElo "2308"]
[WhiteFideId "4198026"]
[BlackFideId "24157570"]
[EventDate "2017.07.02"]

1. d4 d5 2. c4 c6 3. Nf3 Nf6 4. Nc3 e6 5. Bg5 dxc4 6. e4 b5 7. e5 h6 8. Bh4 g5
9. Bg3 Nd5 10. Be2 Nd7 11. O-O Bb7 12. Nxd5 cxd5 13. Ne1 Qb6 14. Bh5 Bg7 15. f4
gxf4 16. Bxf4 Nxe5 17. Bxe5 Bxe5 18. Bxf7+ Ke7 19. Nf3 Bf6 20. Kh1 Raf8 21. Bh5
Rhg8 22. Qd2 Qd6 23. Rae1 Bc6 24. Qe3 Bd7 25. a3 Kd8 26. Ne5 Bxe5 27. dxe5 d4
28. Rxf8+ Rxf8 29. Qxh6 Qc5 30. Bg4 Kc7 31. h3 d3 32. Bxe6 Bc6 33. Qg7+ Kb6 34.
Bd7 Bb7 35. e6 Rf2 36. e7 Rxg2 37. Qf6+ Ka5 38. Qc3+ Kb6 39. Re6+ Kc7 40. Qa5+
Qb6 41. Rxb6 axb6 42. Qa7 d2 43. e8=N+ 1-0

[Event "67th ch-RUS HL w 2017"]
[Site "Sochi RUS"]
[Date "2017.07.03"]
[Round "2.4"]
[White "Ovod, Evgenija"]
[Black "Nechaeva, Marina"]
[Result "1/2-1/2"]
[WhiteTitle "IM"]
[BlackTitle "IM"]
[WhiteElo "2363"]
[BlackElo "2408"]
[WhiteFideId "4131827"]
[BlackFideId "4149351"]
[EventDate "2017.07.02"]

1. d4 d5 2. Bf4 Nf6 3. e3 c5 4. c3 Nc6 5. Nd2 cxd4 6. exd4 Bf5 7. Qb3 Qc8 8.
Ngf3 e6 9. Nh4 Bg6 10. Nxg6 hxg6 11. h3 Be7 12. Bd3 O-O 13. Qc2 Qd7 14. Nf3 Bd6
15. Qd2 Qc7 16. Bxd6 Qxd6 17. O-O Rab8 18. Rae1 b5 19. Qg5 b4 20. Qh4 bxc3 21.
bxc3 Rfc8 22. Ng5 Nd8 23. Re3 Rb2 24. Rfe1 Rxa2 25. Rf3 Rxc3 26. Bxg6 Rxf3 27.
Bh7+ Kf8 28. Nxf3 Qb4 29. Bd3 Ra3 30. Rb1 Rb3 31. Qh8+ Ke7 32. Rc1 Rc3 33. Rb1
Rb3 34. Rc1 Qb8 35. Ne5 Ne8 36. Qh4+ f6 37. Ng6+ Kd7 38. Nf8+ Ke7 39. Ng6+ Kd7
40. Nf8+ Ke7 1/2-1/2

[Event "67th ch-RUS HL w 2017"]
[Site "Sochi RUS"]
[Date "2017.07.03"]
[Round "2.5"]
[White "Pustovoitova, Daria"]
[Black "Tomilova, Elena"]
[Result "0-1"]
[WhiteTitle "FM"]
[BlackTitle "WIM"]
[WhiteElo "2406"]
[BlackElo "2298"]
[WhiteFideId "4182146"]
[BlackFideId "4162340"]
[EventDate "2017.07.02"]

1. d4 d5 2. Nf3 Nf6 3. c4 c6 4. Nc3 dxc4 5. a4 a5 6. e4 Bg4 7. Bxc4 e6 8. Be3
Bb4 9. Qc2 Nbd7 10. Nd2 Bh5 11. f3 Bg6 12. O-O Nd5 13. Bf2 O-O 14. Rfd1 Nf4 15.
Bf1 f5 16. g3 fxe4 17. fxe4 Nd5 18. Bh3 Kh8 19. Qb3 Rxf2 20. Kxf2 Qf6+ 21. Nf3
Rf8 22. Nxd5 cxd5 23. e5 Qd8 24. Kg1 Qb6 25. Kh1 Rxf3 26. Qxf3 Be4 27. Qxe4 dxe4
28. Rac1 h5 29. d5 Nxe5 30. Rc8+ Kh7 31. dxe6 Ng4 32. Rd5 Qf2 0-1

[Event "67th ch-RUS HL w 2017"]
[Site "Sochi RUS"]
[Date "2017.07.03"]
[Round "2.6"]
[White "Potapova, Margarita"]
[Black "Assaubayeva, Bibisara"]
[Result "1/2-1/2"]
[WhiteTitle "WFM"]
[BlackTitle "WFM"]
[WhiteElo "2203"]
[BlackElo "2386"]
[WhiteFideId "14126869"]
[BlackFideId "13708694"]
[EventDate "2017.07.02"]

1. e4 c5 2. Nf3 d6 3. Bb5+ Bd7 4. Bxd7+ Qxd7 5. O-O Nc6 6. c3 Nf6 7. Qe2 e6 8.
d4 cxd4 9. cxd4 d5 10. e5 Ne4 11. Be3 Be7 12. Ne1 f6 13. f3 Ng5 14. Nd3 Nf7 15.
f4 f5 16. Nd2 Nb4 17. Nxb4 Bxb4 18. Nf3 Be7 19. Rfc1 O-O 20. Ne1 Rfc8 21. Nd3
Qb5 22. a4 Rxc1+ 23. Nxc1 Qxe2 24. Nxe2 Nd8 25. Kf2 Nc6 26. Bd2 Bb4 27. Ke3
Bxd2+ 28. Kxd2 Na5 29. Kd3 Kf7 30. Rc1 Nc6 31. Ke3 Ke7 32. Nc3 a6 33. Nd1 Kd7
34. Nf2 b6 35. Nd3 Na5 36. Ke2 Nb3 37. Rg1 Nxd4+ 38. Ke3 Nc6 39. b4 a5 40. b5
Ne7 41. Rc1 h6 42. g3 g5 43. Rc2 Rg8 44. Rc1 Rc8 45. Rxc8 Kxc8 46. fxg5 hxg5 47.
h4 gxh4 48. gxh4 Ng6 49. h5 Nf8 50. Kf4 Nh7 51. Ne1 Kd7 52. Nf3 Ke7 53. Nd4 Kf7
54. Nc6 Ke8 1/2-1/2

[Event "67th ch-RUS HL w 2017"]
[Site "Sochi RUS"]
[Date "2017.07.03"]
[Round "2.7"]
[White "Shuvalova, Polina"]
[Black "Gorovenko, Darya"]
[Result "1-0"]
[WhiteTitle "WIM"]
[BlackTitle "WFM"]
[WhiteElo "2383"]
[BlackElo "2072"]
[WhiteFideId "24171760"]
[BlackFideId "24173800"]
[EventDate "2017.07.02"]

1. d4 Nf6 2. c4 g6 3. Nc3 d5 4. cxd5 Nxd5 5. e4 Nxc3 6. bxc3 Bg7 7. Qa4+ Nd7 8.
Nf3 O-O 9. Be2 c5 10. O-O Nb6 11. Qa3 cxd4 12. cxd4 Be6 13. Bg5 Re8 14. Rac1 Qd6
15. Qa5 Rec8 16. d5 Bg4 17. Rxc8+ Rxc8 18. Qxa7 Qb4 19. h3 Bxf3 20. Bxf3 Nxd5
21. exd5 Bd4 22. Bxe7 Qd2 23. Qxb7 Bxf2+ 24. Rxf2 Rc1+ 25. Kh2 Qxf2 26. Qb8+ 1-0

[Event "67th ch-RUS HL w 2017"]
[Site "Sochi RUS"]
[Date "2017.07.03"]
[Round "2.8"]
[White "Kovanova, Baira"]
[Black "Garmash, Aliona"]
[Result "1-0"]
[WhiteTitle "WGM"]
[WhiteElo "2373"]
[BlackElo "1872"]
[WhiteFideId "4164083"]
[BlackFideId "34127620"]
[EventDate "2017.07.02"]

1. Nf3 Nf6 2. g3 g6 3. Bg2 Bg7 4. c4 d6 5. d4 O-O 6. O-O Nc6 7. Nc3 e5 8. d5 Ne7
9. e4 Nd7 10. Be3 h6 11. Qd2 Kh7 12. Nh4 f5 13. exf5 Nxf5 14. Nxf5 gxf5 15. f4
a6 16. Rae1 Qe8 17. fxe5 Nxe5 18. b3 Bd7 19. Bd4 Qh5 20. Ne2 Rae8 21. Nf4 Qf7
22. h3 Bf6 23. Kh2 Rg8 24. Rd1 Rg5 25. Be3 Reg8 26. Ne2 R5g6 27. Bf4 Qg7 28. Qe3
h5 29. Bf3 Nxf3+ 30. Qxf3 Bg5 31. Qxh5+ Bh6 32. Rf2 Qf6 33. Nd4 Rf8 34. Re2 Kg8
35. Qf3 Bxf4 36. Qxf4 Rf7 37. Rf1 Rg5 38. Ne6 Bxe6 39. Rxe6 Qg7 40. Rf2 Rf8 41.
Rfe2 Rh5 42. Re7 Rf7 43. Rxf7 Qxf7 44. Qe3 Rh7 45. Qg5+ Rg7 46. Qd8+ Kh7 47. Re8
Qd7 48. Qh4+ Kg6 49. Re6+ Kf7 50. Qf6+ Kg8 51. Qxf5 1-0

[Event "67th ch-RUS HL w 2017"]
[Site "Sochi RUS"]
[Date "2017.07.03"]
[Round "2.9"]
[White "Baraeva, Marina"]
[Black "Gritsayeva, Oksana"]
[Result "1/2-1/2"]
[WhiteTitle "WIM"]
[BlackTitle "WFM"]
[WhiteElo "2169"]
[BlackElo "2372"]
[WhiteFideId "24142573"]
[BlackFideId "14104652"]
[EventDate "2017.07.02"]

1. Nf3 Nf6 2. c4 e6 3. g3 b6 4. Bg2 Bb7 5. O-O c5 6. Nc3 Be7 7. b3 O-O 8. Bb2 d6
9. d4 cxd4 10. Nxd4 Bxg2 11. Kxg2 Qc7 12. Qd2 Nbd7 13. Rac1 Qb7+ 14. Kg1 a6 15.
Rfd1 Rfe8 16. Qe3 Rac8 17. Qf3 Qc7 18. Ne4 Ne5 19. Qg2 Ned7 20. h3 Nxe4 21. Qxe4
Bf6 22. Kh2 Nc5 23. Qg2 Qd7 24. e4 Qb7 25. f3 Qb8 26. Rc2 h5 27. Ne2 Bxb2 28.
Rxb2 b5 29. cxb5 axb5 30. Rbd2 Red8 31. Nf4 g6 32. h4 Qc7 33. Qe2 Qc6 34. Qe3
Qc7 35. Qc3 Qe7 36. Qb4 Rb8 37. e5 dxe5 38. Rxd8+ Rxd8 39. Nxg6 fxg6 40. Rxd8+
Qxd8 41. Qxc5 Qd2+ 42. Kh1 Qe2 43. Qc8+ Kg7 44. Qc7+ Kh6 45. Qc1+ Kg7 46. Qc7+
Kh6 47. Qc1+ 1/2-1/2

[Event "67th ch-RUS HL w 2017"]
[Site "Sochi RUS"]
[Date "2017.07.03"]
[Round "2.10"]
[White "Belenkaya, Dina"]
[Black "Lingur, Zalina"]
[Result "1-0"]
[WhiteTitle "WGM"]
[BlackTitle "WFM"]
[WhiteElo "2323"]
[BlackElo "2087"]
[WhiteFideId "24142654"]
[BlackFideId "34165670"]
[EventDate "2017.07.02"]

1. e4 c5 2. Nf3 Nc6 3. Bb5 Nf6 4. Qe2 e5 5. c3 Qc7 6. d3 Be7 7. a4 O-O 8. Nbd2
a6 9. Bc4 d6 10. Nf1 Na5 11. Ne3 Nxc4 12. dxc4 Be6 13. Nd2 b6 14. O-O Qb7 15. f3
Rfb8 16. b3 Bd7 17. Bb2 b5 18. a5 b4 19. Rfd1 Be6 20. cxb4 Qxb4 21. Nc2 Qb7 22.
Bc3 Qc7 23. Ne3 Rb7 24. Ra3 Rab8 25. Qd3 Qc8 26. Qc2 Bd7 27. Nb1 Be6 28. Be1 Ne8
29. Nc3 Nc7 30. Na4 Na8 31. Rd3 Qf8 32. Qd1 g6 33. Nc3 Nc7 34. Ncd5 Nxd5 35.
Nxd5 Bxd5 36. Rxd5 Qc8 37. Bg3 Qe6 38. h3 Kg7 39. Qc2 Bg5 40. Rd3 Kg8 41. Ra1
Be7 42. Re1 g5 43. Re2 h6 44. Qd1 Kh7 45. Red2 Qc8 46. Be1 Qc7 47. Rb2 Qc8 48.
Kh2 Qe6 49. Rd5 Qc8 50. Qb1 Qc6 51. Qa2 Qe8 52. Qa3 Qc6 53. Bc3 Bf8 54. b4 cxb4
55. Rxb4 Be7 56. Rxb7 Rxb7 57. Bb4 Qxc4 58. Bxd6 Bxd6 59. Qxd6 Rb2 60. Qxe5 Qe2
61. Qg3 Rb1 62. Qc7 Kg7 63. Qe5+ Kh7 64. Rd8 Rb2 65. Rh8+ Kg6 66. Qf5+ Kh5 67.
Qxf7+ 1-0

[Event "67th ch-RUS HL w 2017"]
[Site "Sochi RUS"]
[Date "2017.07.03"]
[Round "2.11"]
[White "Grigorian, Marine"]
[Black "Ubiennykh, Ekaterina"]
[Result "1/2-1/2"]
[WhiteTitle "WFM"]
[BlackTitle "WIM"]
[WhiteElo "2181"]
[BlackElo "2322"]
[WhiteFideId "4124260"]
[BlackFideId "4137582"]
[EventDate "2017.07.02"]

1. d4 d5 2. c4 e6 3. Nf3 Nf6 4. e3 Bb4+ 5. Bd2 Bd6 6. Nc3 O-O 7. Bd3 c5 8. O-O
Nc6 9. Rc1 a6 10. cxd5 exd5 11. dxc5 Bxc5 12. Ne2 Ne4 13. h3 Qf6 14. Nf4 Be6 15.
Bxe4 dxe4 16. Rxc5 exf3 17. Qxf3 Bxa2 18. Qg3 Qe7 19. Rfc1 Rad8 20. Be1 Rd7 21.
h4 Rfd8 22. Qg4 f6 23. h5 Ne5 24. Qe2 Bb3 25. Rc8 Kf7 26. Rxd8 Qxd8 27. e4 Qb6
28. Bd2 Ba4 29. Be3 Qb4 30. f3 Qb3 31. Nd5 Bc6 32. Nf4 Bb5 33. Qf2 g5 34. hxg6+
hxg6 35. Bd4 Nc6 36. Bc3 Rd1+ 37. Rxd1 Qxd1+ 38. Kh2 Qd6 39. Qg3 Ne7 40. Nd5
Qxg3+ 41. Kxg3 Nxd5 42. exd5 Bc4 43. d6 Bb5 44. f4 Ke6 45. Kf2 Bd7 1/2-1/2

[Event "67th ch-RUS HL w 2017"]
[Site "Sochi RUS"]
[Date "2017.07.03"]
[Round "2.12"]
[White "Mirzoeva, Elmira"]
[Black "Avdeenko, Tatiana"]
[Result "1/2-1/2"]
[WhiteTitle "WGM"]
[BlackTitle "WFM"]
[WhiteElo "2314"]
[BlackElo "2123"]
[WhiteFideId "4127951"]
[BlackFideId "4177452"]
[EventDate "2017.07.02"]

1. Nf3 d6 2. d4 Nf6 3. c4 g6 4. Nc3 Bf5 5. g3 Bg7 6. Bg2 O-O 7. Nh4 Bc8 8. O-O
Nc6 9. Nf3 Bf5 10. b3 a6 11. Bb2 Rb8 12. d5 Na5 13. Nd4 Bd7 14. Qd2 c5 15. dxc6
bxc6 16. Rfd1 c5 17. Nf3 Bc6 18. Qd3 Qd7 19. Rab1 Qb7 20. Nd5 Bxd5 21. cxd5 Qb5
22. Qc2 Rfc8 23. Bh3 Rc7 24. e4 c4 25. b4 c3 26. bxa5 Qxb2 27. Ne1 Rcb7 28. Rxb2
Rxb2 29. Qxc3 Nxe4 30. Qc7 Nc3 31. Rd3 R2b7 32. Qc6 Rb1 33. Kf1 Nxa2 34. Qc7
R1b7 35. Qc4 Rb2 36. Ra3 Nb4 37. Rb3 Rxb3 38. Qxb3 Nc6 39. dxc6 Rxb3 40. c7 Rc3
41. c8=Q+ Rxc8 42. Bxc8 Bc3 43. Bxa6 Bxa5 44. Bc4 Kg7 45. Ke2 e6 46. Nc2 d5 47.
Bb3 Kf6 48. Kd3 Ke5 49. Ne3 g5 50. Ng4+ Kf5 51. h3 h5 52. Ne3+ Ke5 53. Bd1 h4
54. gxh4 gxh4 55. Ng2 Bd8 56. Ke3 Be7 57. Ba4 f5 58. Bd7 Bd8 59. Kf3 Bg5 60. Bc8
d4 61. Ke2 Kf6 62. Kd3 e5 63. Kc4 Kg6 64. Ne1 Bf6 65. Nd3 Kg5 66. f3 Kg6 67. Nc5
Bg5 68. Ne6 Bc1 69. Ba6 e4 70. f4 d3 71. Kd5 Kf6 72. Bc4 Bd2 73. Kd6 Bc1 74. Kd5
Bd2 75. Bb5 Bc1 76. Kd6 Bd2 77. Bc4 Bc1 78. Kd5 1/2-1/2

[Event "67th ch-RUS HL w 2017"]
[Site "Sochi RUS"]
[Date "2017.07.03"]
[Round "2.13"]
[White "Diakonova, Ekaterina"]
[Black "Samdanova, Surena"]
[Result "1-0"]
[WhiteElo "2292"]
[BlackElo "1996"]
[WhiteFideId "24172936"]
[BlackFideId "24136646"]
[EventDate "2017.07.02"]

1. e4 c5 2. Nf3 d6 3. Bb5+ Nd7 4. O-O a6 5. Bd3 Ngf6 6. c3 b5 7. b3 Bb7 8. Qe2
e6 9. Bc2 Qc7 10. d4 Rc8 11. d5 e5 12. a4 b4 13. c4 g6 14. h3 Bg7 15. Nh2 Nh5
16. g3 O-O 17. Ng4 Ndf6 18. Bh6 Bxh6 19. Nxh6+ Kh8 20. Nd2 Rce8 21. Kg2 Bc8 22.
Qe3 Qd7 23. Rh1 Ng8 24. Nxg8 Rxg8 25. Qh6 Qe7 26. Bd1 Qf8 27. Qxf8 Rexf8 28.
Bxh5 gxh5 29. Rae1 Rg7 30. a5 Kg8 31. Rhf1 f6 32. Kh2 f5 33. f4 exf4 34. Rxf4
Re7 35. Ref1 Rfe8 36. exf5 Re2+ 37. R1f2 Kf7 38. g4 hxg4 39. hxg4 Kf6 40. Kg3
Re1 41. g5+ Kf7 42. Rh4 Rg1+ 43. Kh2 Rxg5 44. Ne4 Rxe4 45. Rxe4 Rxf5 46. Rfe2
Rh5+ 47. Kg2 Rh3 48. Re7+ Kg6 49. R2e6+ 1-0

[Event "67th ch-RUS HL w 2017"]
[Site "Sochi RUS"]
[Date "2017.07.03"]
[Round "2.14"]
[White "Sakorenko, Adriana"]
[Black "Travkina, Anastasia"]
[Result "0-1"]
[WhiteTitle "WFM"]
[BlackTitle "WFM"]
[WhiteElo "2116"]
[BlackElo "2260"]
[WhiteFideId "34130249"]
[BlackFideId "24129151"]
[EventDate "2017.07.02"]

1. d4 d5 2. Bf4 Nf6 3. e3 c5 4. c3 Nc6 5. Nd2 Bf5 6. Ngf3 e6 7. Qb3 Qc8 8. Be2
c4 9. Qd1 b5 10. a3 h6 11. O-O Be7 12. Ne5 O-O 13. Qc1 Ne4 14. Nxe4 Bxe4 15.
Nxc6 Qxc6 16. Bd1 a5 17. Bc2 Bxc2 18. Qxc2 b4 19. Rfb1 Ra6 20. h3 Rfa8 21. Qc1
Rb6 22. f3 bxa3 23. bxa3 Rb3 24. a4 Ra7 25. Rxb3 cxb3 26. Qb2 Rb7 27. Bg3 Qc4
28. Be1 Bg5 29. f4 Be7 30. Kf2 h5 31. g3 h4 32. g4 g5 33. Qe2 Qc6 34. Qb2 Rb8
35. Kf3 Qc4 36. Qe2 b2 37. Rb1 Qb3 38. fxg5 Bxg5 39. Qd2 Qxa4 40. Rxb2 Rxb2 41.
Qxb2 Qd1+ 42. Qe2 Qb3 43. c4 dxc4 44. Bxa5 c3 45. Kf2 Qb2 0-1

[Event "67th ch-RUS HL w 2017"]
[Site "Sochi RUS"]
[Date "2017.07.03"]
[Round "2.15"]
[White "Maltsevskaya, Aleksandra"]
[Black "Faizutdinova, Diana"]
[Result "1-0"]
[WhiteElo "2254"]
[BlackElo "2041"]
[WhiteFideId "24174041"]
[BlackFideId "24143731"]
[EventDate "2017.07.02"]

1. e4 d5 2. exd5 Qxd5 3. Nc3 Qd6 4. d4 Nf6 5. Bc4 a6 6. Bb3 b5 7. Qf3 Ra7 8. Bf4
Qd8 9. Nge2 g6 10. O-O-O Bg7 11. d5 O-O 12. Qe3 Rb7 13. Nd4 Ng4 14. Qg3 Bh6 15.
Rhe1 Bxf4+ 16. Qxf4 Qd6 17. Qd2 Nf6 18. f3 Rb6 19. Qe2 Qxh2 20. Qxe7 Qf4+ 21.
Kb1 c5 22. Qxc5 Nbd7 23. Qe7 Re8 24. Qxe8+ Nxe8 25. Rxe8+ Kg7 26. Rxc8 Ne5 27.
Ne4 g5 28. g3 1-0

[Event "67th ch-RUS HL w 2017"]
[Site "Sochi RUS"]
[Date "2017.07.03"]
[Round "2.16"]
[White "Ustich, Ekaterina"]
[Black "Bivol, Alina"]
[Result "0-1"]
[BlackTitle "WGM"]
[WhiteElo "2022"]
[BlackElo "2379"]
[WhiteFideId "24179221"]
[BlackFideId "4100123"]
[EventDate "2017.07.02"]

1. e4 c6 2. d4 d5 3. Nd2 dxe4 4. Nxe4 Bf5 5. Nc5 e5 6. Nxb7 Qb6 7. Nc5 exd4 8.
Nb3 Bb4+ 9. Bd2 Nf6 10. Bd3 Bxd3 11. cxd3 O-O 12. Ne2 c5 13. Bxb4 Qxb4+ 14. Qd2
Qb6 15. O-O Nbd7 16. Rac1 Rab8 17. Ng3 h6 18. Rc4 Qa6 19. Nxc5 Nxc5 20. Rxc5
Qxa2 21. Nf5 Rb6 22. Qf4 Kh7 23. Qg3 g6 24. Nxd4 Qxb2 25. Nf3 Re8 26. Rc7 Rb7
27. Qf4 Kg7 28. h3 a5 29. Rfc1 Re7 30. Rc8 Qb4 31. R8c4 Qb2 32. Rc8 Qb4 33. R8c4
Qb2 34. Rc6 Nd5 35. Qd6 Rbd7 36. Qg3 Nb4 37. Rc8 Nxd3 38. Nh4 Nxc1 39. Nf5+ Kh7
40. Qf3 Ne2+ 41. Kh2 Qe5+ 0-1

[Event "67th ch-RUS HL w 2017"]
[Site "Sochi RUS"]
[Date "2017.07.03"]
[Round "2.17"]
[White "Goltseva, Ekaterina"]
[Black "Savina, Anastasia"]
[Result "0-1"]
[WhiteTitle "WFM"]
[BlackTitle "IM"]
[WhiteElo "2214"]
[BlackElo "2364"]
[WhiteFideId "24173770"]
[BlackFideId "4196872"]
[EventDate "2017.07.02"]

1. d4 d6 2. Nf3 g6 3. c4 Bg7 4. e4 Bg4 5. Be2 Nc6 6. d5 Bxf3 7. Bxf3 Nd4 8. Nc3
c5 9. Be3 e5 10. dxe6 fxe6 11. h4 Ne7 12. h5 Qb6 13. Qd2 Nec6 14. Bg4 Ne5 15.
Be2 Nxe2 16. Qxe2 Qxb2 17. Qxb2 Nd3+ 18. Ke2 Nxb2 19. Nb5 Nxc4 20. Rac1 Nxe3 21.
Nc7+ Kd7 22. Nxa8 Ng4 23. hxg6 h6 24. f4 Rxa8 25. Kf3 Nf6 26. g4 Rf8 27. Rcg1 b5
28. Re1 b4 29. g5 hxg5 30. fxg5 Nd5+ 31. Kg4 Ne7 32. Rh7 Be5 33. Rf7 Rg8 34. Rh1
c4 35. Rhh7 Re8 36. g7 Rg8 37. Kf3 b3 38. axb3 cxb3 39. Rh8 Rxh8 40. gxh8=Q Bxh8
41. Ke2 a5 42. Kd3 a4 43. Kc4 b2 44. Rf1 Nc6 45. Rb1 Ke7 46. g6 Kf8 47. Rf1+ Kg8
48. Rb1 Be5 0-1